<?xml version="1.0" encoding="UTF-8"?>
<record
    xmlns:xsi="http://www.w3.org/2001/XMLSchema-instance"
    xsi:schemaLocation="http://www.loc.gov/MARC21/slim http://www.loc.gov/standards/marcxml/schema/MARC21slim.xsd"
    xmlns="http://www.loc.gov/MARC21/slim">

  <leader>00622cam a22002051  4500</leader>
  <controlfield tag="001">ne 64001796 </controlfield>
  <controlfield tag="003">DLC</controlfield>
  <controlfield tag="005">20260227111802.0</controlfield>
  <controlfield tag="008">891017m19649999ua            000 0 ara c</controlfield>
  <datafield tag="010" ind1=" " ind2=" ">
    <subfield code="a">ne 64001796 </subfield>
  </datafield>
  <datafield tag="025" ind1=" " ind2=" ">
    <subfield code="a">PL480:UAR-4372</subfield>
  </datafield>
  <datafield tag="035" ind1=" " ind2=" ">
    <subfield code="a">(OCoLC)20501074</subfield>
  </datafield>
  <datafield tag="040" ind1=" " ind2=" ">
    <subfield code="a">Princeton Univ. Libr.</subfield>
    <subfield code="c">WaU</subfield>
    <subfield code="d">WaU</subfield>
    <subfield code="d">DLC</subfield>
  </datafield>
  <datafield tag="050" ind1="0" ind2="0">
    <subfield code="a">DS238.U5</subfield>
    <subfield code="b">S46</subfield>
  </datafield>
  <datafield tag="100" ind1="1" ind2=" ">
    <subfield code="a">Shalab&#x12B;, Ma&#x1E25;m&#x16B;d.</subfield>
  </datafield>
  <datafield tag="245" ind1="1" ind2="0">
    <subfield code="a">Ishtir&#x101;k&#x12B;yat &#x2BB;Umar</subfield>
    <subfield code="c">[ta&#x2BC;l&#x12B;f] Ma&#x1E25;m&#x16B;d Shalab&#x12B;.</subfield>
  </datafield>
  <datafield tag="260" ind1=" " ind2=" ">
    <subfield code="a">[al-Q&#x101;hirah]</subfield>
    <subfield code="b">Maktabat al-Q&#x101;hirah al-&#x1E24;ad&#x12B;thah</subfield>
    <subfield code="c">[1964-</subfield>
  </datafield>
  <datafield tag="300" ind1=" " ind2=" ">
    <subfield code="a">v.</subfield>
    <subfield code="c">20 cm.</subfield>
  </datafield>
  <datafield tag="600" ind1="0" ind2="0">
    <subfield code="a">&#x2BB;Umar ibn al-Kha&#x1E6D;&#x1E6D;&#x101;b,</subfield>
    <subfield code="c">Caliph,</subfield>
    <subfield code="d">-644.</subfield>
  </datafield>
  <datafield tag="999" ind1=" " ind2=" ">
    <subfield code="c">47238</subfield>
    <subfield code="d">47238</subfield>
  </datafield>
</record>
